000 00994namaa2200217 i 4500
001 174352
003 ES-MaACL
005 20250815105711.0
008 100406s1923 sp | |||| ||spa d
080 _a593.3:591.86/.87
100 1 _aAlvarado, Salustio.
_920597
245 1 0 _aContribución al conocimiento histológico de las medusas.
_nI,
_pLos epitelios y la musculatura /
_cpor Salustio Alvarado.
260 _aMadrid :
_bJunta para Ampliación de Estudios e Investigaciones Científicas,
_c1923 (
_fTalleres Poligráficos)
300 _a96 p., XII h. de lám. ;
_c23 cm.
490 1 _aTrabajos del Museo Nacional de Ciencias Naturales. Serie zoológica ;
_v47
650 4 _aCelentéreos-
_xHistología.
_9142458
710 2 _aJunta para la Ampliación de Estudios e Investigaciones Científicas.
_95413
830 0 0 _aTrabajos del Museo Nacional de Ciencias Naturales.
_pSerie zoológica
_v47
_9189348
852 _aES-MaACL
_jB-13153(2)
_z.- Rúst.
999 _c174352
_d174352